[Event "CRO-ch U15"]
[Site "Trogir"]
[Date "2023.06.23"]
[Round "4"]
[White "Jukic, Marko"]
[Black "Kos, Nikola"]
[Result "1/2-1/2"]
[WhiteElo "1801"]
[BlackElo "1563"]
[PlyCount "56"]
[EventDate "2023.06.21"]
[EventType "swiss"]
[EventRounds "9"]
[EventCountry "CRO"]
[SourceTitle "EXT 2024"]
[Source "ChessBase"]
[SourceDate "2023.10.10"]
[SourceVersion "1"]
[SourceVersionDate "2023.10.10"]
[SourceQuality "1"]

1. d4 Nf6 2. c4 g6 3. Nc3 d5 4. Bf4 Bg7 5. e3 a6 6. Nf3 Bf5 7. Bd3 Bxd3 8. Qxd3 Nc6 9. 0-0 0-0 10. a3 dxc4 11. Qxc4 Nh5 12. Bg3 Nxg3 13. hxg3 Qd7 14. Qd5 Rfd8 15. Qxd7 Rxd7 16. Rfd1 Rad8 17. Rac1 f5 18. Na4 Rd6 19. Nc5 Rb8 20. Ng5 Nd8 21. Nf3 Nf7 22. b3 g5 23. Nd2 b5 24. b4 g4 25. Ndb3 Ng5 26. Na5 Kf7 27. Ncb7 Rb6 28. Nc5 Rd6 1/2-1/2

[Event "CRO-ch U15"]
[Site "Trogir"]
[Date "2022.06.26"]
[Round "7"]
[White "Konjevic, Nikola"]
[Black "Kos, Nikola"]
[Result "1-0"]
[WhiteElo "1708"]
[BlackElo "1523"]
[PlyCount "59"]
[EventDate "2022.06.22"]
[EventType "swiss"]
[EventRounds "9"]
[EventCountry "CRO"]
[SourceTitle "CBM 209 Extra"]
[Source "ChessBase"]
[SourceDate "2022.09.30"]
[SourceVersion "1"]
[SourceVersionDate "2022.09.30"]
[SourceQuality "1"]

1. e4 d5 2. exd5 Qxd5 3. Nc3 Qd6 4. d4 Nf6 5. Nf3 a6 6. Be2 e6 7. h3 Be7 8. Ne5 b5 9. Bf3 Ra7 10. Bf4 Qb6 11. 0-0 Bb7 12. d5 exd5 13. Nxd5 Nxd5 14. Bxd5 0-0 15. Be3 Bc5 16. Bxf7+ Rxf7 17. Nxf7 Kxf7 18. Qh5+ g6 19. Qxc5 Qxc5 20. Bxc5 Ra8 21. Rad1 Bc6 22. Rfe1 Nd7 23. Re7+ Kg8 24. Rdxd7 Bxd7 25. Rxd7 Rc8 26. b4 h6 27. Bd4 g5 28. Rg7+ Kf8 29. Rh7 Rd8 30. Rh8+ 1-0

[Event "CRO-ch U15"]
[Site "Trogir"]
[Date "2022.06.24"]
[Round "4"]
[White "Kos, Nikola"]
[Black "Horcicka, Jan"]
[Result "0-1"]
[WhiteElo "1523"]
[BlackElo "1784"]
[PlyCount "98"]
[EventDate "2022.06.22"]
[EventType "swiss"]
[EventRounds "9"]
[EventCountry "CRO"]
[SourceTitle "CBM 209 Extra"]
[Source "ChessBase"]
[SourceDate "2022.09.30"]
[SourceVersion "1"]
[SourceVersionDate "2022.09.30"]
[SourceQuality "1"]

1. e4 e5 2. Nf3 Nc6 3. d4 exd4 4. Bc4 Nf6 5. e5 d5 6. Bb5 Ne4 7. Nxd4 Bd7 8. Bxc6 bxc6 9. 0-0 Bc5 10. f3 Ng5 11. f4 Ne4 12. Be3 Qb8 13. Qc1 Bxd4 14. Bxd4 c5 15. Bc3 d4 16. Be1 Qb7 17. Nd2 Bc6 18. Nxe4 Bxe4 19. Rf2 0-0 20. b3 f6 21. Re2 fxe5 22. fxe5 Qa6 23. Qd2 Bxg2 24. Bg3 Bh3 25. Qd3 Qc6 26. Qe4 Qe6 27. Rf2 Rxf2 28. Bxf2 Rf8 29. Bg3 Qa6 30. Qd3 Qc6 31. Qe2 Kh8 32. Re1 Rf3 33. Qd2 Qe4 34. Qd3 Qd5 35. Qd2 Qe4 36. Qd3 Qc6 37. Qd2 Qa6 38. Qd1 Qc6 39. Qd2 h5 40. Bh4 Qe4 41. Bf2 Qg4+ 42. Bg3 h4 43. Qe2 hxg3 44. hxg3 Qxg3+ 45. Kh1 Bg2+ 46. Qxg2 Qxe1+ 47. Kh2 Qxe5+ 48. Kh1 Qe1+ 49. Kh2 Rf2 0-1

[Event "Wch U14 blitz"]
[Site "Rhodes"]
[Date "2022.05.03"]
[Round "2"]
[White "Kos, Nikola"]
[Black "Badacsonyi, Stanley Ethan Artie"]
[Result "0-1"]
[WhiteElo "1628"]
[BlackElo "1948"]
[PlyCount "100"]
[EventDate "2022.05.03"]
[EventType "swiss (blitz)"]
[EventRounds "9"]
[EventCountry "GRE"]
[SourceTitle "CBM 208 Extra"]
[Source "ChessBase"]
[SourceDate "2022.07.31"]
[SourceVersion "1"]
[SourceVersionDate "2022.07.31"]
[SourceQuality "1"]

1. e4 e5 2. Nf3 Nc6 3. d4 exd4 4. Bc4 Nf6 5. e5 d5 6. Bb5 Nd7 7. Bxc6 bxc6 8. Nxd4 c5 9. Nf3 Bb7 10. 0-0 Be7 11. Bf4 0-0 12. h3 f6 13. exf6 Nxf6 14. Nbd2 Ne4 15. Bh2 d4 16. Qe2 Nxd2 17. Nxd2 Bd6 18. Qe6+ Kh8 19. Bxd6 Qxd6 20. Qxd6 cxd6 21. Rfe1 Rae8 22. Nc4 Rd8 23. Re7 Bd5 24. Nd2 Rb8 25. b3 Rf7 26. Rxf7 Bxf7 27. Re1 Kg8 28. Ne4 Bg6 29. Nxd6 Bxc2 30. Re7 d3 31. Kf1 Rd8 32. Nc4 d2 33. Nxd2 Rxd2 34. Rxa7 Bd3+ 35. Ke1 Re2+ 36. Kd1 Rxf2 37. a4 Bc2+ 38. Kc1 Bxb3 39. a5 Rxg2 40. a6 Ra2 41. Ra8+ Kf7 42. a7 Be6 43. Kb1 Ra6 44. Kc2 Bxh3 45. Kc3 Be6 46. Kd3 h5 47. Ke3 g5 48. Rh8 Bd5 49. Rxh5 Kg6 50. Rh1 Bxh1 0-1

[Event "Wch U14 rapid"]
[Site "Rhodes"]
[Date "2022.05.01"]
[Round "1"]
[White "Kos, Nikola"]
[Black "Hagner, Bennet"]
[Result "0-1"]
[WhiteElo "1488"]
[BlackElo "2186"]
[PlyCount "52"]
[EventDate "2022.05.01"]
[EventType "swiss (rapid)"]
[EventRounds "9"]
[EventCountry "GRE"]
[SourceTitle "CBM 208 Extra"]
[Source "ChessBase"]
[SourceDate "2022.07.31"]
[SourceVersion "1"]
[SourceVersionDate "2022.07.31"]
[SourceQuality "1"]

1. e4 e5 2. Nf3 Nc6 3. d4 exd4 4. Bc4 Nf6 5. e5 d5 6. Bb5 Ne4 7. Nxd4 Bc5 8. 0-0 0-0 9. Nxc6 bxc6 10. Bxc6 Ba6 11. Be3 Bxe3 12. fxe3 Bxf1 13. Kxf1 Qh4 14. Qe1 Qxh2 15. Bxa8 Rxa8 16. Nc3 Qh1+ 17. Ke2 Qxg2+ 18. Kd1 Nf2+ 19. Kc1 h5 20. Ne2 h4 21. Nf4 Qf3 22. Qe2 Qh1+ 23. Kd2 Ne4+ 24. Kd3 Qxa1 25. Nh5 Qxb2 26. Qg4 Qb5+ 0-1

[Event "CRO-ch U13"]
[Site "Trogir"]
[Date "2021.06.24"]
[Round "9"]
[White "Mlinaric, Simun"]
[Black "Kos, Nikola"]
[Result "0-1"]
[WhiteElo "1369"]
[BlackElo "1557"]
[PlyCount "76"]
[EventDate "2021.06.18"]
[EventType "swiss"]
[EventRounds "9"]
[EventCountry "CRO"]
[SourceTitle "EXT 2022"]
[Source "ChessBase"]
[SourceDate "2021.10.06"]
[SourceVersion "1"]
[SourceVersionDate "2021.10.06"]
[SourceQuality "1"]

1. d4 b5 2. Nf3 Bb7 3. g3 g6 4. Bg2 Bg7 5. 0-0 d6 6. b3 Nd7 7. Bb2 c5 8. Ne1 Bxg2 9. Nxg2 c4 10. Na3 Rb8 11. Rb1 c3 12. Bxc3 b4 13. Bb2 bxa3 14. Bxa3 Ngf6 15. c4 0-0 16. Qc2 Qa5 17. Bc1 Rfc8 18. Bd2 Qa6 19. e4 Ne8 20. Be3 Nc7 21. Qd2 Qb7 22. f3 Qb4 23. Qxb4 Rxb4 24. a3 Rb7 25. b4 Ne6 26. Rfc1 Bxd4 27. Kf2 Bxe3+ 28. Nxe3 Ne5 29. Rc3 Nd4 30. Nc2 Nxc2 31. Rxc2 Rbc7 32. c5 dxc5 33. bxc5 Rxc5 34. Rxc5 Rxc5 35. Rb8+ Kg7 36. Rb7 Nc6 37. Rc7 Rc4 38. Ke2 Nd4+ 0-1

[Event "CRO-ch U13"]
[Site "Trogir"]
[Date "2021.06.23"]
[Round "8"]
[White "Kos, Nikola"]
[Black "Babler, Jan"]
[Result "0-1"]
[WhiteElo "1557"]
[BlackElo "1660"]
[PlyCount "114"]
[EventDate "2021.06.18"]
[EventType "swiss"]
[EventRounds "9"]
[EventCountry "CRO"]
[SourceTitle "EXT 2022"]
[Source "ChessBase"]
[SourceDate "2021.10.06"]
[SourceVersion "1"]
[SourceVersionDate "2021.10.06"]
[SourceQuality "1"]

1. g3 d5 2. Bg2 c5 3. d3 Nc6 4. f4 g6 5. Nf3 Bg7 6. e3 Nf6 7. 0-0 0-0 8. Nbd2 Re8 9. h3 h5 10. Ne5 Qc7 11. Ndf3 Nd7 12. d4 cxd4 13. exd4 Ndxe5 14. fxe5 Bf5 15. c3 Qd7 16. Kh2 Be4 17. Nh4 Bxg2 18. Kxg2 b5 19. g4 hxg4 20. hxg4 Bxe5 21. dxe5 Nxe5 22. Kg3 Rac8 23. Bf4 Nc4 24. b3 Nd6 25. Re1 Rxc3+ 26. Nf3 Qc6 27. Kg2 Ne4 28. Rc1 Rxc1 29. Qxc1 Qe6 30. Kh3 Rc8 31. Qb2 g5 32. Bg3 f5 33. Kg2 f4 34. Rh1 Qf6 35. Qxf6 Rc2+ 36. Kh3 exf6 37. Rh2 Rc3 38. Be1 Rxf3+ 39. Kg2 Re3 40. Kf1 d4 41. Rc2 d3 42. Rc8+ Kf7 43. Rd8 Ke7 44. Rd4 Ng3+ 45. Kf2 Re2+ 46. Kf3 Rxe1 47. Rxd3 Re3+ 48. Rxe3+ fxe3 49. Kxg3 Ke6 50. Kf3 f5 51. gxf5+ Kxf5 52. Kxe3 g4 53. Kf2 Kf4 54. Kg2 g3 55. Kg1 Kf3 56. Kf1 g2+ 57. Kg1 b4 0-1

[Event "EU-ch Online U12"]
[Site "Tornelo INT"]
[Date "2020.09.18"]
[Round "2"]
[White "Kos, Nikola"]
[Black "Baryschyk, Sergey"]
[Result "1/2-1/2"]
[WhiteElo "1352"]
[BlackElo "1782"]
[PlyCount "145"]
[EventDate "2020.09.18"]
[EventType "swiss (rapid)"]
[EventRounds "9"]
[EventCountry "NET"]
[SourceTitle "EXT 2023"]
[Source "ChessBase"]
[SourceDate "2022.10.05"]
[SourceVersion "1"]
[SourceVersionDate "2022.10.05"]
[SourceQuality "1"]
[WhiteTeam "Croatia"]
[BlackTeam "Belarus"]
[WhiteTeamCountry "CRO"]
[BlackTeamCountry "BLR"]

1. e4 c5 2. Bc4 e6 3. Nc3 Nc6 4. Nf3 Nf6 5. e5 Ng4 6. Qe2 d5 7. exd6 Bxd6 8. h3 Nf6 9. d3 h6 10. Be3 a6 11. a4 Be7 12. Bf4 Nd5 13. Bd2 Ndb4 14. Rc1 0-0 15. 0-0 Qc7 16. Qe4 Kh8 17. Rfe1 f5 18. Qe3 Bd6 19. Nh4 Ne5 20. Bb3 g5 21. f4 gxf4 22. Qxf4 Rf6 23. Ne4 Nexd3 24. Qxd6 Qxd6 25. Nxd6 Nxc1 26. Bxc1 Bd7 27. Nxb7 Rc8 28. Nd6 Rc6 29. Bf4 Kh7 30. Nhxf5 c4 31. Bxc4 Rxc4 32. Nxc4 Rxf5 33. Bd6 Nxc2 34. Rd1 Bxa4 35. Rd2 Rd5 36. Rxd5 exd5 37. Nb6 Bb3 38. Kf2 Nd4 39. Be5 Nc6 40. Bf4 Kg6 41. Ke3 d4+ 42. Kd3 Be6 43. Na4 Bf5+ 44. Kd2 Be4 45. g3 Bd5 46. Nc5 a5 47. Bc7 h5 48. Kd3 Bg2 49. h4 Bf1+ 50. Kd2 Kf5 51. Nb3 a4 52. Nc5 Bb5 53. Nd3 Kg4 54. Ne5+ Nxe5 55. Bxe5 Kf3 56. Bxd4 Kxg3 57. Bf6 Kf3 58. Bg5 Bd7 59. Kc3 Ke4 60. Kc4 Be6+ 61. Kc3 Bb3 62. Kd2 Kd4 63. Be3+ Ke4 64. Bg5 Kf3 65. Bd8 Kg4 66. Be7 Kf5 67. Bg5 Ke6 68. Bd8 Bc4 69. Bg5 Kd7 70. Kc3 Bb3 71. Be3 Ke6 72. Bg5 Kd5 73. Bd8 1/2-1/2

[Event "CRO-ch U13"]
[Site "Trogir"]
[Date "2020.08.28"]
[Round "8"]
[White "Babler, Jan"]
[Black "Kos, Nikola"]
[Result "0-1"]
[WhiteElo "1532"]
[BlackElo "1464"]
[PlyCount "38"]
[EventDate "2020.08.24"]
[EventType "swiss"]
[EventRounds "9"]
[EventCountry "CRO"]
[SourceTitle "CBM 198 Extra"]
[Source "ChessBase"]
[SourceDate "2020.11.30"]
[SourceVersion "1"]
[SourceVersionDate "2020.11.30"]
[SourceQuality "1"]

1. e4 d5 2. exd5 Nf6 3. d4 Nxd5 4. c4 Nb4 5. Qa4+ N8c6 6. d5 b5 7. cxb5 Qxd5 8. bxc6 Qe4+ 9. Be2 Nc2+ 10. Qxc2 Qxc2 11. Nc3 Qg6 12. Bf3 e5 13. Nb5 Bb4+ 14. Bd2 Bxd2+ 15. Kxd2 0-0 16. Ne2 e4 17. Nxc7 Qd6+ 18. Kc2 exf3 19. Nxa8 Bf5+ 0-1

[Event "CRO-ch U13"]
[Site "Trogir"]
[Date "2020.08.26"]
[Round "5"]
[White "Mandaric, Fran"]
[Black "Kos, Nikola"]
[Result "1-0"]
[WhiteElo "1700"]
[BlackElo "1464"]
[PlyCount "115"]
[EventDate "2020.08.24"]
[EventType "swiss"]
[EventRounds "9"]
[EventCountry "CRO"]
[SourceTitle "CBM 198 Extra"]
[Source "ChessBase"]
[SourceDate "2020.11.30"]
[SourceVersion "1"]
[SourceVersionDate "2020.11.30"]
[SourceQuality "1"]

1. e4 e5 2. Nf3 Nc6 3. Bb5 a6 4. Ba4 Nf6 5. d3 b5 6. Bb3 d6 7. c3 Na5 8. Bc2 c5 9. 0-0 Be7 10. Re1 0-0 11. Nbd2 Bg4 12. h3 Bh5 13. Nf1 Nd7 14. Ng3 Bg6 15. d4 cxd4 16. cxd4 Qc7 17. dxe5 dxe5 18. Bd2 Nc4 19. b3 Nxd2 20. Qxd2 Rfd8 21. Rac1 Qb6 22. b4 Qa7 23. a3 Nb6 24. Qe3 Nc4 25. Qc3 Rac8 26. Bb3 h6 27. Bxc4 Rxc4 28. Qb3 Qc7 29. Rxc4 bxc4 30. Qc2 a5 31. Rc1 axb4 32. axb4 Bxb4 33. Qb2 Rb8 34. Qxe5 Qc8 35. Rxc4 Qxc4 36. Qxb8+ Kh7 37. Ne5 Qc1+ 38. Kh2 Qf4 39. Qxb4 Qxe5 40. Qd2 Qe6 41. Qe3 f6 42. f4 Be8 43. e5 Bd7 44. Qd3+ f5 45. Qd6 Qxd6 46. exd6 Kg6 47. Ne2 Kf6 48. Nd4 g5 49. g3 g4 50. h4 Be6 51. Kg2 Bd5+ 52. Kf2 Be4 53. Ke3 h5 54. Kd2 Kf7 55. Kc3 Ke8 56. Kc4 Kd7 57. Kc5 Bd3 58. Kd5 1-0

[Event "CRO-ch U13"]
[Site "Trogir"]
[Date "2020.08.25"]
[Round "3"]
[White "Kos, Nikola"]
[Black "Martic, Ivan2222"]
[Result "1-0"]
[WhiteElo "1464"]
[BlackElo "1245"]
[PlyCount "109"]
[EventDate "2020.08.24"]
[EventType "swiss"]
[EventRounds "9"]
[EventCountry "CRO"]
[SourceTitle "CBM 198 Extra"]
[Source "ChessBase"]
[SourceDate "2020.11.30"]
[SourceVersion "1"]
[SourceVersionDate "2020.11.30"]
[SourceQuality "1"]

1. b3 d5 2. Bb2 c6 3. e3 Bf5 4. Ne2 Nd7 5. Ng3 Bg6 6. c4 Ngf6 7. cxd5 cxd5 8. d3 e6 9. Be2 Bb4+ 10. Nd2 0-0 11. 0-0 Rc8 12. f4 h6 13. Nf3 Ng4 14. Bd4 Bc5 15. Qd2 Ngf6 16. Bxc5 Nxc5 17. Nh4 Bh7 18. Rad1 Qe7 19. Nf3 a6 20. Nd4 Rcd8 21. Rc1 Rc8 22. Rcd1 Rcd8 23. Qe1 Rc8 24. Qf2 Kh8 25. Qf3 Kg8 26. Rfe1 Kh8 27. Bf1 Rfd8 28. h3 Bg6 29. f5 Bh7 30. e4 dxe4 31. dxe4 Rf8 32. Bc4 Bg8 33. e5 Nh7 34. Qf2 Ng5 35. f6 gxf6 36. exf6 Qc7 37. Qe3 Nh7 38. Nh5 Ng5 39. h4 Nce4 40. Nf3 Bh7 41. hxg5 Nxg5 42. Nxg5 hxg5 43. Qxg5 Rg8 44. Ng7 Qc5+ 45. Qxc5 Rxc5 46. Rd7 b5 47. Bd3 Rg5 48. Bxh7 Kxh7 49. Rxf7 Kg6 50. Re7 Rc8 51. R7xe6 Rc2 52. R6e2 Rc3 53. Rf1 Kf7 54. Re7+ Kf8 55. Ne6+ 1-0

[Event "CRO-ch U11"]
[Site "Trogir"]
[Date "2019.06.19"]
[Round "5"]
[White "Tomljanovic, Ivano"]
[Black "Kos, Nikola"]
[Result "1/2-1/2"]
[WhiteElo "1829"]
[BlackElo "1339"]
[PlyCount "71"]
[EventDate "2019.06.17"]
[EventType "swiss"]
[EventRounds "9"]
[EventCountry "CRO"]
[SourceTitle "EXT 2020"]
[Source "ChessBase"]
[SourceDate "2019.10.17"]
[SourceVersion "1"]
[SourceVersionDate "2019.10.17"]
[SourceQuality "1"]

1. d4 Nf6 2. c4 g6 3. Nc3 d5 4. Nf3 Bg7 5. cxd5 Nxd5 6. e4 Nxc3 7. bxc3 c5 8. Be3 0-0 9. Be2 Nc6 10. 0-0 cxd4 11. cxd4 Bg4 12. e5 Qd5 13. h3 Bf5 14. Qb3 Qxb3 15. axb3 Nb4 16. Rac1 Rac8 17. Rxc8 Rxc8 18. Rc1 Rxc1+ 19. Bxc1 Be6 20. Bc4 Bd7 21. Ba3 Nc6 22. Bb5 e6 23. Kf1 a6 24. Bxc6 Bxc6 25. Bc5 Bf8 26. b4 Bxc5 27. dxc5 h6 28. Nd4 Bd5 29. g3 Kf8 30. Ke2 Ke7 31. h4 f6 32. f4 g5 33. hxg5 hxg5 34. Ke3 gxf4+ 35. Kxf4 Bc4 36. g4 1/2-1/2